| 000 | 00000nam##2200000za#4500 |
| 001 | 9.632502 |
| 003 | CaOODSP |
| 005 | 20210624214839 |
| 007 | cr ||||||||||| |
| 008 | 150407|2006||||xxc|||||o f|0| 0 fre|d |
| 020 | |a0-662-71068-1 |
| 040 | |aCaOODSP|bfre |
| 043 | |an-cn--- |
| 086 | 1 |aHS28-43/2006F-PDF |
| 110 | 1 |aCanada.|bRessources humaines et Développement des compétences Canada. |bPolitique stratégique et planification. |
| 245 | 10|aÉvaluation sommative de la composante du Programme d'adaptation et de restructuration des pêches du Pacifique réalisée par DRHC - rapport final |h[ressource électronique] |
| 260 | |aOttawa - Ontario : |bRessources humaines et Développement des compétences Canada. |c2006. |
| 590 | |a13-08-Supp|b2013-04-02 |
| 691 | 07|aEmploi|2gcpds |
| 691 | 07|aGestion des pêches|2gcpds |
| 775 | 08|tSummative evaluation of HRDC's component of the Pacific Fisheries Adjustment and Restructuring Program - final report |w(CaOODSP)9.688067 |
| 856 | 40|ahttp://publications.gc.ca|qPDF|s342 Ko|uhttps://publications.gc.ca/collections/collection_2013/rhdcc-hrsdc/HS28-43-2006-fra.pdf |
| 986 | |aSP-AH-673-09-04F |